000 04499nab a2200361 i 4500
003 BR-BrBNA
005 20241024201417.0
008 241024b2019 bl.|r|pooa||| 00| 0 por |
040 _aBR-BrBNA
_bpor
072 _aL53
_b5213
100 _aFonseca, V.O.
100 _aSouza , C.F.
100 _aAzevedo, N.A.
100 _aOliveira, L.Z.
100 _aMonteiro, G.A.
100 _aCavalcanti, L.F.L.
100 _aMolina, L.R.
245 _aParâmetros reprodutivos de touros Nelore (Bos taurus indicus) criados a pasto, em de diferentes faixas etárias
500 _aPublicação online; 30 ref.; 3 tables; Summaries (En, Pt)
520 _a RESUMO - Este estudo teve o objetivo de demonstrar o efeito da idade sobre as características de circunferência escrotal, cor de pelagem e qualidade seminal, desde a puberdade até após a maturidade sexual. Foram utilizados dados de 6607 exames andrológicos de touros da raça Nelore criados a pasto. Os animais eram de diferentes faixas etárias, variando de 12 até 80 meses. O exame andrológico consistiu em exame clínico reprodutivo, perímetro escrotal (PE), avaliação do sêmen e nota para cor do pelame (COR; 1-4). Estabeleceram-se quatro faixas etárias, que foram comparadas pelo teste de Bonferroni. Os parâmetros seminais PE e COR variaram (P<0,05) conforme a faixa etária dos animais: A) 12-18m: COR=1,45±0,64a, PE=31,63±3,51cma, motilidade total (Mot)=67,73±17,99%a , total de defeitos espermáticos (TDE)=16,22±16,95%a ; B) 18-24m: COR=1,50±0,57b, PE=32,00±3,47cma , Mot=69,60±29,13%a , TDE=14,49±15,00%b; C) 24-36m: COR=1,51±0,66b, PE=33,56±3,91cmb , Mot=69,46±15,52%a , TDE=12,29±12,92%c ; D) 36-48m: COR=1,60±0,57c, PE=36,66±3,50cmc, Mot=71,04±16,19%b, TDE=10,87±12,97%d; E) >48m: COR=1,64±0,72c PE=38,00±3,22d, Mot=71,54±15,30b, TDE=9,70±16,95d. Concluiu-se que a faixa etária influencia o tamanho testicular, a cor da pelagem e os parâmetros de qualidade seminal. Com o avançar da idade, ocorre escurecimento do pelo, aumento do perímetro escrotal, da motilidade e do vigor, e redução dos defeitos espermáticos de touros Nelores criados a pasto, avaliados a partir de 12 meses de idade. Palavras-chave: bovino, andrologia, pelame, qualidade seminal, maturidade sexual
520 _a ABSTRACT - This study aimed to demonstrate the effect of age on bull traits such as scrotal circumference, pelage color, and semen quality, from puberty to post sexual maturity. Data from 6607 breeding soundness examinations of pasture raised Nelore bulls were used. The animals presented different age groups ranging from 12 to 80 months. The andrological examination consisted in reproductive clinical evaluation, assessment of scrotal perimeter (PE). In addition, color of pelage (COR; 1-4) was recorded for each animal. Four age groups were established, which were compared by Bonferroni test. Semen parameters, scrotal circumference (PE) and color of the pelage (COR) varied (P< 0.05) according to the age range: A) 12-18m: COR=1.45±0.64a, PE=31.63±3.51cma, Total Motility (Mot)=67.73±17.99%a, Total os sperm defects (TDE)=16.22±16.95%a ; B) 18-24m: COR=1.50±0.57b, PE=32.00±3.47cma, Mot=69.60±29.13%a, TDE=14.49±15.00%b; C) 24-36m: COR=1.51±0.66b, PE=33.56±3.91cmb , Mot=69.46±15.52%a , TDE=12.29±12.92%c; D) 36-48m: COR=1.60±0.57c, PE=36.66±3.50cmc, Mot=71.04±16.19%b, TDE=10.87±12.97%d; E) >48m: COR=1.64±0.72c, PE=38.00±3.22d, Mot=71.54±15.30b, TDE=9.70±16.95d. It was concluded that age influences testicular size, pelage color, and semen quality parameters. As the age progresses, there is an increase in scrotal perimeter, hair darkening, sperm motility and vigor, and reduction of sperm morphological defects of pasture raised Nelore bulls, assessed as from as 12 months of age. Keywords: bovine, andrology, pelage, semen quality, sexual maturity
650 _aGADO NELORE
650 _aCRIAÇÃO EXTENSIVA
650 _aANDROLOGIA
650 _aPELAME
650 _aSÊMEN
650 _aQUALIDADE
650 _aEFICIÊNCIA REPRODUTIVA
773 0 _01643
_9345608
_dBelo Horizonte-MG Universidade Federal de Minas Gerais - Escola de Veterinaria 1983
_o2024-6240
_tArquivo Brasileiro de Medicina Veterinária e Zootecnia (Brazil)
_x0102-0935
_gv. 71(2); p. 385-392; (2019)
_wBR2024002965
856 _uhttps://www.scielo.br/j/abmvz/a/7cdHkRtXRs8wRbbXBgWmwfg/?format=pdf&lang=pt
942 _cANA
999 _c328279
_d328279